Εργασία από τον Αυταρχισμό στη Συμμετοχή (Record no. 1666)
[ view plain ]
| 000 -LEADER | |
|---|---|
| fixed length control field | 01905cam a22001814a 4500 |
| 005 - ΗΜΕΡΟΜΗΝΙΑ ΚΑΙ ΩΡΑ ΤΕΛΕΥΤΑΙΑΣ ΕΝΗΜΕΡΩΣΗΣ | |
| Πεδίο ελέγχου | 20250605164015.0 |
| 008 - FIXED-LENGTH DATA ELEMENTS--GENERAL INFORMATION | |
| Πεδίο ελέγχου σταθερού μήκους | 250528s ||||||||||||||||||||||||d |
| 035 ## - SYSTEM CONTROL NUMBER | |
| System control number | 16129 |
| 040 ## - ΠΗΓΗ ΚΑΤΑΛΟΓΟΓΡΑΦΗΣΗΣ | |
| Φορέας πρωτότυπης καταλογογράφησης | MC Athens Campus Library |
| Γλώσσα καταλογογράφησης | Ελληνικά, Μοντέρνα (1453-) |
| Modifying agency | MC Athens Campus Library |
| Κανόνες περιγραφικής καταλογογράφησης | AACR2 |
| 245 1# - ΤΙΤΛΟΣ ΚΑΙ ΔΗΛΩΣΗ ΥΠΕΥΘΥΝΟΤΗΤΑΣ | |
| Τίτλος | Εργασία από τον Αυταρχισμό στη Συμμετοχή |
| 260 ## - PUBLICATION, DISTRIBUTION, ETC. | |
| Name of publisher, distributor, etc. | Παπαζήση, |
| Date of publication, distribution, etc. | 1990 |
| 300 ## - PHYSICAL DESCRIPTION | |
| Extent | 312 |
| 520 ## - SUMMARY, ETC. | |
| Summary, etc. | Στο βιβλίο περιγράφονται οι αγώνες των εργαζομένων όλων των εποχών για την απελευθέρωση τους από τη δουλεία, την καταπίεση, την εκμετάλλευση και την αλλοτροίωση καθώς και οι θεωρίες των οραματιστών διανοούμενων για εργασία που δεν θα ευνουχίζει στοιχεία της προσωπικότητας των εργαζομένων, αλλά θα δίνει διέξοδο στο δυναμισμό και τη δημιουργικότητα τους. Πρόλογος, Ιστορική Εξέλιξη των Εργασιακών Σχέσεων, Θεωρίες γύρω απο τις Εργασιακές Σχέσεις και τον Καταμερισμό και τη Διεύθυνση και την Οργάνωση της Εργασίας, Οι Οικονομικές Θεωρίες για τη Διαμόρφωση του Επιπέδου των Μισθών, Οράματα και Αγώνες για Περισσότερο Ελεύθερο Χρόνο, Αλλοτρίωση ή Αυτοπροσδιορισμός, Αυτοδιαχειριστικές Εμπειρίες και Συνδιαχείριση, Η Εργασία σε Συμμετοχικά Συστήματα Διοίκησης, Επίλογος. |
| 700 1# - ΠΡΟΣΘΕΤΗ ΑΝΑΓΡΑΦΗ--ΦΥΣΙΚΟ ΠΡΟΣΩΠΟ | |
| Personal name | Λυμπερόπουλος Κ |
| 9 (RLIN) | 2165 |
| 942 ## - ADDED ENTRY ELEMENTS (KOHA) | |
| Koha item type | Books |
| Τύπος τεκμηρίου | Βιβλιοθήκη | Τρέχουσα τοποθεσία | Barcode | Αριθμός εισαγωγής | Ημερομηνία απόκτησης | Ταξιθετικό σύμβολο | Αριθμός αντιτύπου | Κατάσταση απόσυρσης | Κατάσταση χαμένου | Κατάσταση κατεστραμμένου | Μη δανεισμός | Σύνολο δανεισμών | Ημερομηνία τελευταίας εμφάνισης | Η τιμή ισχύει από |
|---|---|---|---|---|---|---|---|---|---|---|---|---|---|---|
| Books | MC Athens Campus Library | MC Athens Campus Library | 9780000016652 | 2758 | 05/06/2025 | 658.3 LIB | 1 | 05/06/2025 | 05/06/2025 |